The economics and politics of oil price regulation : federal policy in the post-embargo era /

Bibliographic Details
Main Author: Kalt, Joseph P.
Format: Book
Language:English
Published: Cambridge, Mass. : MIT Press, [1981]
Series:Regulation of economic activity ; 3.
Subjects:

MARC

Tag First Indicator Second Indicator Subfields
LEADER 00000pam a2200000 a 4500
001 in00000080034
005 20151008055306.0
008 810313s1981 maua b 00110 eng
010 |a  81004411  
020 |a 0262110792 
035 |a (OCoLC)07278358 
035 |9 AAJ3069AM 
039 0 |a 2  |b 3  |c 3  |d 3  |e 3 
040 |a DLC  |c DLC  |d TXA  |d UtOrBLW 
043 |a n-us--- 
049 |a TXAM  |c [1387451] 
050 0 0 |a HD9564  |b .K34 
082 0 |a 338.2/3  |2 19 
100 1 |a Kalt, Joseph P. 
245 1 4 |a The economics and politics of oil price regulation :  |b federal policy in the post-embargo era /  |c Joseph P. Kalt. 
264 1 |a Cambridge, Mass. :  |b MIT Press,  |c [1981] 
264 4 |c ©1981 
300 |a xx, 327 pages :  |b illustrations ;  |c 24 cm. 
336 |a text  |b txt  |2 rdacontent 
337 |a unmediated  |b n  |2 rdamedia 
338 |a volume  |b nc  |2 rdacarrier 
490 1 |a MIT Press series on the regulation of economic activity ;  |v 3 
500 |a Includes index. 
504 |a Bibliography: pages [307]-316. 
650 0 |a Petroleum products  |x Prices  |z United States. 
650 0 |a Price regulation  |z United States. 
650 0 |a Petroleum industry and trade  |z United States. 
650 0 |a Petroleum law and legislation  |z United States. 
830 0 |a Regulation of economic activity ;  |v 3. 
999 |a MARS 
999 f f |s 67405e87-cb98-3905-bb6e-66a27b77804d  |i 4307f702-3562-37c6-adc8-872a323ccf00  |t 0 
952 f f |p ric  |a Texas A&M University  |b Rellis Campus  |c Joint Library Facility  |d Remote Storage  |t 0  |e HD9564 .K34  |h Library of Congress classification  |i unmediated -- volume  |m A14806131408 
998 f f |a HD9564 .K34  |t 0  |l Remote Storage